LEADER 00858naa a2200229 u 4500 001 000000119377 003 CaOOAMICUS 005 20100120121458.0 008 100120s1928 it u000 u ita r 040 $aPUL$bita$dMCT 245 00$aErma :$bil pastore /$ca cura di Rovigo Marzini. 260 $aSiena :$bCantagalli,$c1928. 300 $aXXIV, 186 p. ;$c20 cm 490 1 $aClassici cristiani ;$v3 600 04$aHermas,$dsec. II.$0(OLS)http://pul/subject/7389 700 1 $aMarzini, Rovigo.$0(OLS)http://pul/name/74622 830 0$aClassici cristiani ;$v3.$0(OLS)http://pul/title/2209 850 $aPUL 852 $aPUL$W1$xDP1 Religione 1$y20$m527 D 28$j136960$qStampati$B136002$CPULBib$Z2$F136002 $82 941 1 $a8 996 $6245$aErma :$bil pastore$9(OLS)http://pul/title/150203 996 $6260$aSiena :$bCantagalli$9(OLS)http://pul/publisher/48759 LEADER 01147nam a2200289 u 4500 001 000000046924 003 CaOOAMICUS 005 20070226114828.0 008 990723s1998 it u000 u ita u 035 $a10830641 040 $aPUL(R)$bita 100 1 $aRastrelli, Massimo.$0(OLS)http://pul/name/34156 245 10$aUsura :$bper una cultura antidebito /$cMassimo Rastrelli [e] Saverio Gaeta. 260 $aCinisello Balsamo :$bSan Paolo,$cc1998. 300 $a90 p. ;$c21 cm 490 1 $aProblemi sociali d'oggi ;$v2 500 $aContiene indici. 504 $aBibliografia in nota. 650 4$aUsura.$0(OLS)http://pul/subject/3860 700 1 $aGaeta, Saverio,$d1958-$0(OLS)http://pul/name/34157 830 0$aProblemi sociali d'oggi ;$v2.$0(OLS)http://pul/title/63173 850 $aPUL 852 $aPUL$W1$xSL Religione 1$y3$m39 A 40$j62776$nBK-PRI$b $qStampati$B62776$CPULBib$Z2$F62776 $H $81 941 1 $a8 961 $aINV: 78924 996 $6245$aUsura :$bper una cultura antidebito$9(OLS)http://pul/title/63172 996 $6260$aCinisello Balsamo :$bSan Paolo$9(OLS)http://pul/publisher/54577